Sports Quiz

Random Sports or Baseball Quiz

Miami Marlins pitching WAR leaders Quiz Stats

 Plays Quiz not verified by Sporcle

Score 0/10 Timer 02:00
0 Plays Today
Years Answer % Correct
2003-2007Dontrelle Willis
90.3%
2001-2005Josh Beckett
89.2%
2005-2012Josh Johnson
84.9%
2013-2016Jose Fernandez
84.9%
1996-1997Kevin Brown
75.3%
1999-2005A.J. Burnett
75.3%
2002-2004Carl Pavano
58.1%
2006-2013Ricky Nolasco
57%
2000-2004, 2015Brad Penny
51.6%
2006-2012Anibal Sanchez
46.2%

You're not logged in!

Compare scores with friends on all Sporcle quizzes.
Join for Free
OR
Log In

You Might Also Like...

Show Comments

Extras

Top Quizzes Today


Score Distribution

Your Account Isn't Verified!

In order to create a playlist on Sporcle, you need to verify the email address you used during registration. Go to your Sporcle Settings to finish the process.

Report this User

Report this user for behavior that violates our Community Guidelines.

Details: